Histoire de l'ancienne Grèce de ses colonies et de ses conquêtes, depuis les premiers temps, jusqu'à la division de l'Empire macédonien, dans l'Orient / (Record no. 154304)

MARC details
000 -LEADER
campo de control de longitud fija 00859nam a22002175i 4500
001 - NÚMERO DE CONTROL
campo de control 154304
003 - IDENTIFICADOR DE NÚMERO DE CONTROL
campo de control ES-MaACL
005 - FECHA Y HORA DE LA ÚLTIMA TRANSACCIÓN
campo de control 20230906205644.0
008 - DATOS DE LONGITUD FIJA--INFORMACIÓN GENERAL
campo de control de longitud fija 991104m17871788fr |||| | fre d
040 ## - FUENTE DE CATALOGACIÓN
Centro catalogador/agencia de origen EUS
Lengua de catalogación spa
Centro/agencia transcriptor EUS
100 1# - ENTRADA PRINCIPAL--NOMBRE DE PERSONA
Nombre de persona Gillies, John.
9 (RLIN) 56977
245 10 - MENCIÓN DEL TÍTULO
Título Histoire de l'ancienne Grèce de ses colonies et de ses conquêtes, depuis les premiers temps, jusqu'à la division de l'Empire macédonien, dans l'Orient /
Mención de responsabilidad, etc. traduite de l'anglais de John Gillies par M. Carra.
260 ## - PUBLICACIÓN, DISTRIBUCIÓN, ETC.
Lugar de publicación, distribución, etc. A Paris :
Nombre del editor, distribuidor, etc. chez Buisson ... :
-- de l'Imprimerie Polytype ...,
Fecha de publicación, distribución, etc. 1787-1788.
300 ## - DESCRIPCIÓN FÍSICA
Extensión 6 v. ;
Dimensiones 20 cm.
597 ## - NOTA DE DESCRIPCIÓN FÍSICA
NOTA DE DESCRIPCIÓN FÍSICA Antep.
597 ## - NOTA DE DESCRIPCIÓN FÍSICA
NOTA DE DESCRIPCIÓN FÍSICA Apostillas marginales.
651 #4 - PUNTO DE ACCESO ADICIONAL DE MATERIA--NOMBRE GEOGRÁFICO
Nombre geográfico Grecia-
Subdivisión general Historia-
Subdivisión cronológica Hasta 146 a.C.
9 (RLIN) 8781
700 1# - ENTRADA AGREGADA--NOMBRE PERSONAL
Nombre de persona Carra, Jean-Louis.
9 (RLIN) 149700
852 ## - LOCALIZACIÓN
Ubicación ES-MaACL
Número de control de estantería R-1193-98
Nota libre -- Enc. hol.
Encuadernación Olim: G-9813-18
Holdings
Estatus retirado Estado de pérdida Estado de daño No para préstamo Colección Biblioteca de origen Biblioteca actual Ubicación en estantería Fecha de adquisición Total de préstamos Signatura topográfica completa Código de barras Visto por última vez Precio de reemplazo Tipo de ítem Koha
        Libros del s. XVIII Biblioteca del Ateneo de Madrid Biblioteca del Ateneo de Madrid Depósito 17/01/2008   R-1193-98 1161356 23/02/2023 23/02/2023 Libro impreso antiguo